| 000 | 00473cam a2200193ua 4500 | ||
|---|---|---|---|
| 020 | _c4.25 | ||
| 041 |
_aeng _h |
||
| 082 |
_a620.1 _bKLE/FU |
||
| 100 | _aKlein, S . | ||
| 245 | 0 | 0 |
_aFundamentals of engineering mechanics / _cS Klein. _hTextual Documents |
| 250 |
_a1 / _b. |
||
| 260 |
_aMoscow : _bForeign Language Publishing House , _c1961. |
||
| 300 | _a ; . | ||
| 365 | _a4.25 | ||
| 504 | _a | ||
| 942 | _cBK | ||
| 999 |
_c2044 _d2044 |
||